| 000 | 00636nam a2200205Ia 4500 | ||
|---|---|---|---|
| 003 | IN-BaIIA | ||
| 008 | 211028s9999 xx 000 0 eng d | ||
| 020 | _a0-8053-3160-3 | ||
| 040 | _cIIA Library | ||
| 080 |
_a531.5 _bGAT |
||
| 100 |
_aGates, S. James _913670 |
||
| 245 | 0 |
_aSuperspace or one thousand and one lessons in supersymmetry _cS. James Gates |
|
| 260 |
_aReading _bThe Benjamin-Cummins _c1983 |
||
| 300 | _axii, 548p. | ||
| 490 | _aFrontiers in physics; v. 58 | ||
| 650 | _aNASA Thesaurus | ||
| 650 |
_aSupergravity _911828 |
||
| 650 |
_aSupersymmetry _913671 |
||
| 942 | _cBK | ||
| 999 |
_c8113 _d8113 |
||